00480 a2200157 450000500170000001000150001702000300003203500140006203700130007608200150008910000180010424500790012226000300020127000690023130000220030020211227125230.0 aENG-130678 a978-93-5290-942-1c995.00 aEN-114210 bDBAD/PUB a954.051092 aSen, Suhit K. aThe Paradox of Populism:cSuhit K. SenbThe Indira Gandhi Years, 1966-1977 aDelhibPrimus Booksc2020 aVirat Bhawan, Mukherjee Nagar, Commercial ComplexbDelhie110009 a294p.c25cm (hbk)